Countries With Most Orphans - Statistics

General Stats
  • This quiz has been taken 140 times
  • The average score is 8 of 10
Answer Stats
# Orphans (Million) Country % Correct
2 20.6 China
92%
1 31 India
91%
3 12 Nigeria
83%
9 3.7 Brazil
78%
6 4.8 Indonesia
75%
8 4.2 Pakistan
74%
7 4.2 Democratic Republic of the Congo
69%
5 4.8 Ethiopia
69%
4 4.8 Bangladesh
63%
10 3.5 South Africa
57%
No matching quizzes found
Score Distribution
Percent of People with Each Score
Percentile by Number Answered
Your Score History
You have not taken this quiz